Determinanty strategii nowego produktu polskich przedsiebiorstw przemyslowych

Salvato in:
Dettagli Bibliografici
Autore principale: Haffer, Miroslaw
Natura: Libro
Lingua:polacco
Pubblicazione: Torun Uniwersytet Mikolaja Kopernika 1998
Soggetti:
Tags: Aggiungi Tag
Nessun Tag, puoi essere il primo ad aggiungerne!!

MARC

LEADER 00000nam a2200000 4500
001 c117446
005 20221221082018.4
020 |a 83-231-0913-3 
041 0 |a pol 
044 |a PL 
245 1 0 |a Determinanty strategii nowego produktu polskich przedsiebiorstw przemyslowych  |c Miroslaw Haffer 
264 1 |a Torun  |b Uniwersytet Mikolaja Kopernika  |c 1998 
300 |a 266 s. 
610 2 0 |a produkty 
610 2 0 |a podnik priemyselný 
610 2 0 |a stratégia marketingová 
610 2 0 |a inovácia 
610 2 0 |a konkurencia 
610 2 0 |a modely 
610 2 0 |a teória firmy 
610 2 0 |a hospodárstvo trhové 
610 2 0 |a výskum 
610 2 0 |a politika hospodárska 
610 2 0 |a Poľsko 
100 1 |a Haffer, Miroslaw